000 00799nam a2200265 ar4500
001 888
003 OSt
005 20260604114927.0
008 080617s at a 00110 eng d
020 _cSR 215.00
020 _a9780324202236(hpk)
_cSR 726.00
040 _cn
082 0 4 _a658.4013 Ev15 2005
_222
100 1 _aEvans, James R.
245 1 4 _aThe management and control of quality /
_cJames Evans, William Lindsay.
250 _a6th ed.
260 _aAustralia :
_bThomson/South-Western,
_c2005.
300 _axxii, 760, [65] p. :
_bill. ;
_c26 cm.
_e4 CD.
504 _aIncludes bibl. references and index.
650 4 _aQuality control.
650 4 _aQuality function development.
650 4 _aProduct management.
700 0 _aLindsay, William M.,
_ejt. auth.
942 _2ddc
_cBK-EN
999 _c888
_d888